000 00485nam a2200181Ia 4500
001 12751
005 20260306163004.0
008 260306t2015||||xx |||||||||||||| ||spa||
041 _aESP
082 _aRD 150.3
_bL87
100 _aLópez Galán, Santiago
_eAUT
245 0 _aDiccionario de psicología y psiquiatría:
_bespañol-inglés, inglés-español
260 _c2015
300 _av, 511 páginas :
_c17 cm.
650 _aGEN
654 _aCPS
942 _cDIC
_dJUS
_fJUS
_2ddc
_n
999 _c12751
_d12751